01074 a2200181 4500003000500000005001700005040000900022082001200031100002400043245007000067260004100137300001000178505052400188650002800712942001200740999001900752952012100771Nust20230330114104.0 cNust a900,CAR aCarter, E.H9111585 aGeneral History :bin outline and story /cE.H.Carter & C.K Ogden aNew YorkbOrthologic Institutec1938 a288:p aThe First Stage (Page-11), The Early Developments in the East (Page-23), The Great Days of Greece (Page-52), The Great Days of Rome (Page-72), The Middle Ages (Page-101), The New Birth of Europe (Page-142), New Forces in Religion and The Growth of a New outlook (Page-158), The Expansion of Europe Overseas (Page-176), The Great Kings of Europe (Page-193), The American Revolution (Page-205), The French Revolution and Napoleon (Page-212), The Birth of New Nations (Page-225), The World of the present Day (Page-258).  aGeneral History9111586 2ddccBK c186082d186082 00102ddc4070aMCSbMCScGENd2016-12-12o900,CARpMCS29406r2016-12-08w2016-12-12yBKzAlmirah No.75, Shelf No.4